LEADER 01170nam--2200361---450- 001 990003102830203316 005 20080505172714.0 010 $a88-7959-255-6 035 $a000310283 035 $aUSA01000310283 035 $a(ALEPH)000310283USA01 035 $a000310283 100 $a20080505d2002----km-y0itay50------ba 101 $aita 102 $aIT 105 $aaj--||||001yy 200 1 $aAnatomia comparata dei vertebrati$euna visione funzionale ed evolutiva$fKarel F. Liem...[et al.]$gart development by William E. Bemis e William B. Sillin 210 $aNapoli$cEdises$dcopyr. 2002 215 $aXV, 741 p.$cill.$d27 cm 500 11$aFunctional anatomy of the vertebrates $957777 606 0 $aAnatomia comparata 676 $a596.04 702 1$aLIEM,$bKarel F. 801 0$aIT$bsalbc$gISBD 912 $a990003102830203316 951 $a596.04 FUN$b36754/CBS$c596.04$d00217337 959 $aBK 969 $aSCI 979 $aCBAS$b10$c20080505$lUSA01$h0858 979 $aANGELA$b90$c20080505$lUSA01$h1054 979 $aPATRY$b90$c20080505$lUSA01$h1727 996 $aFunctional anatomy of the vertebrates$957777 997 $aUNISA LEADER 02093nam 2200505 450 001 9910825423803321 005 20230725040133.0 010 $a1-905560-94-X 035 $a(CKB)2670000000521603 035 $a(EBL)1620527 035 $a(SSID)ssj0001111502 035 $a(PQKBManifestationID)12470875 035 $a(PQKBTitleCode)TC0001111502 035 $a(PQKBWorkID)11130540 035 $a(PQKB)11779682 035 $a(MiAaPQ)EBC1620527 035 $a(EXLCZ)992670000000521603 100 $a20140106d2010 uy 1 101 0 $agle 135 $aur|n|---||||| 181 $ctxt 182 $cc 183 $acr 200 10$aBuille Marfach /$fAnna Heussaff ; dearadh clu?daigh, Abigail Bolt ; dearadh, Deirdre Ni? Thuathail 210 1$aIndreabha?n, Conamara :$cClo? Iar-Chonnacht,$d2010. 210 4$dİ2010 215 $a1 online resource (311 p.) 300 $aDescription based upon print version of record. 311 $a1-905560-63-X 327 $aCaibidil 1; Caibidil 2; Caibidil 3; Caibidil 4; Caibidil 5; Caibidil 6; Caibidil 7; Caibidil 8; Caibidil 9; Caibidil 10; Caibidil 11; Caibidil 12; Caibidil 13; Caibidil 14; Caibidil 15; Caibidil 16; Caibidil 17; Caibidil 18; Caibidil 19; Caibidil 20; Caibidil 21; Caibidil 22; Caibidil 23; Caibidil 24; No?ta bui?ochais 330 $a (An Irish-language title) Aoife Nic Dhiarmada runs a holiday business on the enchanting Beara peninsula in the southwest. When Tessa, one of her guests, is found unconscious on a lonely road, Aoife's life takes a frightening turn. A gripping story that will captivate the reader until the very last page. 606 $aMurder$xInvestigation$zIreland$vFiction 615 0$aMurder$xInvestigation 676 $a363.259523 700 $aHeussaff$b Anna$01107130 701 $aBolt$b Abigail$01598146 701 $aNi? Thuathail$b Deirdre$01598147 712 02$aForas na Gaeilge. 801 0$bMiAaPQ 801 1$bMiAaPQ 801 2$bMiAaPQ 906 $aBOOK 912 $a9910825423803321 996 $aBuille Marfach$93920210 997 $aUNINA